[Event "Cto Aragón Equipos Pref Gr I"]
[Site "Aragon"]
[Date "2015.02.07"]
[Round "3.39"]
[White "Buil Rello, Jose Antonio"]
[Black "Escartin Lacasa, Jose"]
[Result "1-0"]
[WhiteElo "1921"]
[BlackElo "1626"]
[PlyCount "67"]
[EventDate "2015.01.24"]
[WhiteTeam "Jaime Casas B"]
[BlackTeam "Jaque"]

1. e4 d6 2. d4 Nf6 3. f3 e5 4. c4 Nxe4 5. fxe4 Qh4+ 6. Kd2 Qf4+ 7. Kc2 Qxe4+ 8.
Qd3 Qg4 9. h3 Qxd4 10. Qxd4 exd4 11. Nf3 c5 12. Bd3 Be7 13. Bf4 O-O 14. Re1 Nc6
15. a3 Be6 16. Nbd2 a6 17. Re2 Rab8 18. Rd1 b5 19. b3 h6 20. g4 Rfd8 21. Be4
Na5 22. Bd5 Bxd5 23. cxd5 Bf8 24. h4 Rbc8 25. Ne4 d3+ 26. Kxd3 Nxb3 27. g5 h5
28. g6 fxg6 29. Rg1 c4+ 30. Kc3 Nc5 31. Rxg6 Nxe4+ 32. Rxe4 Re8 33. Rge6 Rxe6
34. Rxe6 {ilegible} 1-0

[Event "Cto Aragón Equipos Pref Gr I"]
[Site "Aragon"]
[Date "2015.02.07"]
[Round "3.41"]
[White "Faro Perella, Alberto"]
[Black "Ferrer Echavarri, Fco Javier"]
[Result "1-0"]
[WhiteElo "1927"]
[BlackElo "1953"]
[PlyCount "45"]
[EventDate "2015.01.24"]
[WhiteTeam "Binefar"]
[BlackTeam "ONCE Aragon B"]

1. e4 c6 2. c4 d5 3. exd5 cxd5 4. cxd5 Nf6 5. Qa4+ Bd7 6. Qb3 Na6 7. d4 Qc7 8.
Nc3 e5 9. Nb5 Bb4+ 10. Qxb4 Qxc1+ 11. Rxc1 Nxb4 12. Nc7+ Ke7 13. Nxa8 Rxa8 14.
a3 Nbxd5 15. dxe5 Ng4 16. Nf3 Ke6 17. Bc4 Bc6 18. O-O Nxe5 19. Rfe1 f6 20. Nxe5
fxe5 21. f4 Kf5 22. Bxd5 Bxd5 23. Rxe5+ 1-0

[Event "Cto Aragón Equipos Pref Gr I"]
[Site "Aragon"]
[Date "2015.02.07"]
[Round "3.43"]
[White "Bayona Bafaluy, Jose Maria"]
[Black "Lanaspa Ballesteros, Federico"]
[Result "1-0"]
[WhiteElo "1777"]
[BlackElo "1611"]
[PlyCount "41"]
[EventDate "2015.01.24"]
[WhiteTeam "Binefar"]
[BlackTeam "ONCE Aragon B"]

1. e4 d5 2. e5 Bf5 3. g4 Bd7 4. Bg2 e6 5. d4 Be7 6. Ne2 Bc6 7. Ng3 g6 8. a3 Na6
9. Nc3 Qd7 10. O-O O-O-O 11. b4 Bb5 12. Nxb5 Qxb5 13. c3 Kb8 14. Be3 Ka8 15.
Qc2 Qc4 16. Rfb1 f6 17. b5 Nb4 18. axb4 Qxb5 19. Ra5 Qb6 20. c4 Bxb4 21. Ra4
1-0

[Event "Cto Aragón Equipos Pref Gr I"]
[Site "Aragon"]
[Date "2015.02.07"]
[Round "3.44"]
[White "Pena Gil, Jose Alejandro"]
[Black "Arino Castan, Federico"]
[Result "1/2-1/2"]
[WhiteElo "1561"]
[BlackElo "1777"]
[PlyCount "136"]
[EventDate "2015.01.24"]
[WhiteTeam "ONCE Aragon B"]
[BlackTeam "Binefar"]

1. d4 d5 2. Nf3 Nf6 3. c4 g6 4. Nc3 Bg7 5. Bf4 O-O 6. e3 c5 7. Be2 dxc4 8. Bxc4
Nh5 9. Be5 Nd7 10. Bxg7 Nxg7 11. O-O Nb6 12. Be2 cxd4 13. Qxd4 Qxd4 14. Nxd4
Bd7 15. Bf3 Rab8 16. Rac1 e5 17. Nb3 Ne6 18. Rfd1 Rfd8 19. Na5 Bc8 20. Rxd8+
Nxd8 21. Rd1 Be6 22. Bd5 Nxd5 23. Nxd5 Bxd5 24. Rxd5 Rc8 25. h3 b6 26. Nb3 Nc6
27. a3 Rd8 28. Rxd8+ Nxd8 29. Nd2 Nc6 30. Kf1 f5 31. f3 Kf7 32. Ke2 Ke6 33. Kd3
b5 34. h4 h5 35. g3 Kd6 36. Kc3 Kc5 37. Nb3+ Kb6 38. Nc1 a5 39. Nd3 Kc7 40. b3
Kd6 41. Nf2 Ne7 42. Kd3 Kc5 43. Kc2 b4 44. Nd3+ Kd5 45. axb4 axb4 46. Nxb4+ Kd6
47. Kc3 g5 48. hxg5 f4 49. exf4 exf4 50. gxf4 h4 51. Nd3 h3 52. Nf2 Nd5+ 53.
Kd4 Nxf4 54. Ke4 Ne6 55. Nxh3 Nc5+ 56. Kf5 Nxb3 57. Kf6 Nd4 58. f4 Ne6 59. f5
Nf8 60. Kf7 Nd7 61. g6 Ke5 62. g7 Nf6 63. Ng5 Kxf5 64. Nh7 Ng4 65. Nf8 Nh6+ 66.
Ke7 Ng8+ 67. Kf7 Nh6+ 68. Ke8 Kf6 1/2-1/2

[Event "Cto Aragón Equipos Pref Gr I"]
[Site "Aragon"]
[Date "2015.02.07"]
[Round "3.45"]
[White "Felez Casedas, Carlos"]
[Black "Lopez Caudevilla, David"]
[Result "1-0"]
[WhiteElo "2013"]
[BlackElo "1978"]
[PlyCount "107"]
[EventDate "2015.01.24"]
[WhiteTeam "La Aurora Estadilla B"]
[BlackTeam "Actur Rey Fernando"]

1. Nf3 g6 2. d4 Bg7 3. c3 Nf6 4. Bf4 d6 5. e3 O-O 6. Nbd2 b6 7. Bc4 Bb7 8. O-O
Nbd7 9. b4 h6 10. Qc2 d5 11. Bd3 Nh5 12. Be5 Nhf6 13. c4 Nxe5 14. Nxe5 Nd7 15.
f4 c5 16. bxc5 bxc5 17. Rab1 Nxe5 18. dxe5 Rb8 19. cxd5 Bxd5 20. Be4 Qd7 21. a3
Rxb1 22. Rxb1 Rc8 23. Bxd5 Qxd5 24. Nc4 Rd8 25. Rc1 f6 26. exf6 exf6 27. Qxg6
f5 28. h3 Kh8 29. Kh2 Rf8 30. Qd6 Qxd6 31. Nxd6 Rf6 32. Ne8 Rc6 33. Nxg7 Kxg7
34. Rc4 h5 35. g4 hxg4 36. hxg4 Re6 37. Rc3 fxg4 38. Kg3 Kf6 39. Kxg4 c4 40.
Kf3 Rc6 41. Ke4 Rc8 42. Kd4 Kf5 43. Rxc4 Rd8+ 44. Kc3 Re8 45. Kd3 Rd8+ 46. Rd4
Rb8 47. Rd5+ Ke6 48. Re5+ Kd6 49. Ra5 Rb7 50. Kd4 Ke6 51. e4 Rd7+ 52. Ke3 Rb7
53. Ra6+ Ke7 54. f5 1-0

[Event "Cto Aragón Equipos Pref Gr I"]
[Site "Aragon"]
[Date "2015.02.07"]
[Round "3.46"]
[White "Aviol Perez, Jose Mariano"]
[Black "Puertolas Serena, Arturo"]
[Result "1-0"]
[WhiteElo "1906"]
[BlackElo "1919"]
[PlyCount "84"]
[EventDate "2015.01.24"]
[WhiteTeam "Actur Rey Fernando"]
[BlackTeam "La Aurora Estadilla B"]

1. d4 d5 2. Nf3 c6 3. c4 Nf6 4. Nc3 e6 5. Bg5 Nbd7 6. e3 Qa5 7. cxd5 exd5 8.
Bd3 Ne4 9. O-O Nxg5 10. Nxg5 Be7 11. f4 Nf6 12. Qc2 Ng4 13. Rae1 Qc7 14. Nxd5
Qd6 15. Nxe7 Qxe7 16. Bc4 Nh6 17. e4 f6 18. Nf3 Bd7 19. e5 O-O-O 20. d5 Qc5+
21. Kh1 cxd5 22. Bd3 Qxc2 23. Bxc2 Ng4 24. h3 Nh6 25. Nd4 fxe5 26. fxe5 g6 27.
b4 a6 28. a4 Nf5 29. Nxf5 Bxf5 30. Bxf5+ gxf5 31. Rxf5 Rhf8 32. g4 Kc7 33. e6
Rfe8 34. Rf7+ Kd6 35. Rxb7 Rc8 36. Rxh7 Rc4 37. Rd7+ Kc6 38. b5+ axb5 39. axb5+
Kxb5 40. Rxd5+ Kc6 41. Rd2 Rc3 42. Kh2 Rh8 1-0

[Event "Cto Aragón Equipos Pref Gr I"]
[Site "Aragon"]
[Date "2015.02.07"]
[Round "3.47"]
[White "Fuentes Espuna, Juan Antonio"]
[Black "Fernandez Sierra, Pedro Jose"]
[Result "1-0"]
[WhiteElo "1912"]
[BlackElo "1750"]
[PlyCount "104"]
[EventDate "2015.01.24"]
[WhiteTeam "La Aurora Estadilla B"]
[BlackTeam "Actur Rey Fernando"]

1. d4 Nf6 2. c4 c5 3. d5 b5 4. cxb5 a6 5. Nc3 axb5 6. Nxb5 Ba6 7. Nc3 d6 8. g3
g6 9. Bg2 Bg7 10. Nf3 O-O 11. O-O Nbd7 12. Re1 Qc7 13. Bg5 Rfb8 14. Rb1 Nb6 15.
e4 Nc4 16. Qc1 Ng4 17. Bf4 Nce5 18. Nxe5 Bxe5 19. h3 Bxf4 20. gxf4 Nf6 21. Qd2
Rb4 22. Bf1 Bxf1 23. Kxf1 Qc8 24. Kg2 Rab8 25. f3 Rd4 26. Qc1 Rd3 27. Re3 Qa6
28. Rxd3 Qxd3 29. Kf2 Nh5 30. Ne2 c4 31. Ra1 e6 32. dxe6 fxe6 33. Qc3 Kf7 34.
Rc1 Qxc3 35. bxc3 Rb2 36. Ke3 Rxa2 37. Rb1 Rc2 38. Rb7+ Kg8 39. Rb6 d5 40. Rxe6
Rxe2+ 41. Kxe2 Nxf4+ 42. Ke3 Nxe6 43. exd5 Nd8 44. Kd4 Kf7 45. Kxc4 Ke7 46. Kd4
Nb7 47. Ke5 Nd6 48. f4 Nf7+ 49. Kd4 Nh6 50. c4 Nf5+ 51. Ke5 Ne3 52. c5 Ng4+ 1-0

[Event "Cto Aragón Equipos Pref Gr I"]
[Site "Aragon"]
[Date "2015.02.07"]
[Round "3.48"]
[White "Arbiol Val, Sergio"]
[Black "Pellicer Cerezuela, Miguel"]
[Result "0-1"]
[WhiteElo "1676"]
[BlackElo "1862"]
[PlyCount "90"]
[EventDate "2015.01.24"]
[WhiteTeam "Actur Rey Fernando"]
[BlackTeam "La Aurora Estadilla B"]

1. e4 e6 2. d4 d5 3. exd5 exd5 4. Bd3 Nc6 5. c3 Bd6 6. Nf3 Nge7 7. Be3 Bg4 8.
Nbd2 Qd7 9. O-O f6 10. c4 dxc4 11. Bxc4 a6 12. Re1 Na5 13. Be2 O-O 14. Ne4 Be6
15. Qd2 Nac6 16. a3 Nd5 17. Rac1 Rad8 18. Nc3 Nce7 19. Bd3 Bf7 20. Qc2 g6 21.
Ne4 Kg7 22. Nxd6 Qxd6 23. Qd2 Rfe8 24. Bf1 Nf5 25. g3 Re7 26. Re2 Rde8 27. Rce1
Ndxe3 28. fxe3 Bc4 29. Rf2 Bxf1 30. Rexf1 Nxe3 31. Re1 c6 32. Rfe2 Nd5 33.
Rxe7+ Rxe7 34. Rxe7+ Qxe7 35. Kf2 Qe4 36. Qe2 Qb1 37. Ne1 Kf7 38. Nd3 Qh1 39.
Nf4 Nxf4 40. gxf4 Qxh2+ 41. Kf3 Qxe2+ 42. Kxe2 Ke6 43. Ke3 f5 44. b4 Kd5 45.
Kd3 h5 0-1

[Event "Cto Aragón Equipos Pref Gr I"]
[Site "Aragon"]
[Date "2015.02.07"]
[Round "3.49"]
[White "Sanchez Herrera, Miguel"]
[Black "Baron Rodriguez, Jesus"]
[Result "0-1"]
[WhiteElo "2121"]
[BlackElo "2441"]
[PlyCount "60"]
[EventDate "2015.01.24"]
[WhiteTeam "St. Casablanca C"]
[BlackTeam "Ibercaja B"]

1. d4 d5 2. Nf3 c6 3. e3 Bf5 4. Bd3 e6 5. O-O Nf6 6. Nbd2 Nbd7 7. Qe2 Ne4 8.
Ne5 Bd6 9. f4 f6 10. Bxe4 dxe4 11. g4 Bg6 12. Nxg6 hxg6 13. Nxe4 Bc7 14. g5 Qe7
15. Bd2 O-O-O 16. Rf2 e5 17. b4 Nb6 18. dxe5 fxe5 19. c4 exf4 20. exf4 Rhe8 21.
Re1 Qf7 22. c5 Na4 23. Qg4+ Kb8 24. a3 a5 25. Qg2 Nb2 26. Rfe2 Nd3 27. Rf1 Qc4
28. Nd6 Bxd6 29. cxd6 Qd4+ 30. Be3 Rxe3 0-1

[Event "Cto Aragón Equipos Pref Gr I"]
[Site "Aragon"]
[Date "2015.02.07"]
[Round "3.50"]
[White "Gines Esteo, Pedro Antonio"]
[Black "Antonano Fedz-Quincoces, Aveli"]
[Result "1-0"]
[WhiteElo "2044"]
[BlackElo "1978"]
[PlyCount "67"]
[EventDate "2015.01.24"]
[WhiteTeam "Ibercaja B"]
[BlackTeam "St. Casablanca C"]

1. d4 f5 2. c4 Nf6 3. Nf3 e6 4. Bg5 Be7 5. g3 O-O 6. Bg2 d6 7. O-O h6 8. Bxf6
Bxf6 9. Nc3 Nc6 10. e3 e5 11. Nd5 g5 12. b4 g4 13. Ne1 Bg7 14. b5 Ne7 15. a4
Rb8 16. Nc2 Be6 17. Ncb4 Nxd5 18. cxd5 Bd7 19. dxe5 dxe5 20. Qb3 e4 21. Rad1
Rf7 22. Nc6 Bxc6 23. dxc6 Qe8 24. cxb7 Rxb7 25. Rd5 Kh7 26. Rfd1 c6 27. Rd8 Qe5
28. Bf1 cxb5 29. axb5 Rbc7 30. Bc4 Rf8 31. R8d7 Rfc8 32. Bg8+ Kg6 33. Qf7+ Kg5
34. Bh7 1-0

[Event "Cto Aragón Equipos Pref Gr I"]
[Site "Aragon"]
[Date "2015.02.07"]
[Round "3.51"]
[White "Alvarez Gonzalo, Miguel Angel"]
[Black "Eizaguerri Floris, Maria"]
[Result "0-1"]
[WhiteElo "1944"]
[BlackElo "1902"]
[PlyCount "86"]
[EventDate "2015.01.24"]
[WhiteTeam "St. Casablanca C"]
[BlackTeam "Ibercaja B"]

1. c4 e5 2. g3 Nf6 3. Bg2 d5 4. cxd5 Nxd5 5. Nc3 Nb6 6. Nf3 Nc6 7. d3 Be7 8.
O-O Be6 9. a3 a5 10. Na4 Nd5 11. e4 Nf6 12. Qc2 O-O 13. Nc5 Bxc5 14. Qxc5 Nd7
15. Qb5 Qc8 16. Be3 a4 17. d4 exd4 18. Nxd4 Ra5 19. Qe2 Nxd4 20. Bxd4 Nc5 21.
Bc3 Ra7 22. Qe3 b6 23. f4 Re8 24. f5 Bxf5 25. Qg5 Bg6 26. Rae1 h6 27. Qd5 Qd7
28. Qxd7 Nxd7 29. e5 Nc5 30. Re3 Rd8 31. Bc6 Rd3 32. Ree1 Ne6 33. Bb5 Rd8 34.
Bc4 c5 35. Rd1 Nd4 36. Rd2 Rad7 37. Rdf2 Re7 38. Re1 Rde8 39. Ref1 Nc2 40.
Bxf7+ Rxf7 41. Rxf7 Bxf7 42. Rf4 b5 43. Kf2 Nd4 0-1

[Event "Cto Aragón Equipos Pref Gr I"]
[Site "Aragon"]
[Date "2015.02.07"]
[Round "3.52"]
[White "Torcal Miguel, Oscar"]
[Black "Lafarga Bueno, Daniel"]
[Result "1-0"]
[WhiteElo "1893"]
[BlackElo "1910"]
[PlyCount "101"]
[EventDate "2015.01.24"]
[WhiteTeam "Ibercaja B"]
[BlackTeam "St. Casablanca C"]

1. e4 e5 2. Nf3 Nc6 3. Bc4 Nf6 4. d3 Be7 5. Nc3 d6 6. h3 O-O 7. O-O Be6 8. Re1
Qd7 9. Bxe6 fxe6 10. d4 exd4 11. Nxd4 Nxd4 12. Qxd4 e5 13. Qc4+ Rf7 14. Be3 a6
15. a4 Raf8 16. Rad1 Kh8 17. Qb3 b6 18. Qc4 Qc8 19. Qc6 Nh5 20. Nd5 Bh4 21. Re2
Nf6 22. Qc4 Nxd5 23. Qxd5 Rf6 24. a5 b5 25. c4 bxc4 26. Qxc4 Rg6 27. Kh2 Bd8
28. Rc1 Rgf6 29. Qd5 Qb8 30. Rc6 Qb7 31. Rxd6 c6 32. Rxf6 gxf6 33. Qc5 Be7 34.
Qb6 Qxb6 35. Bxb6 Bb4 36. Re3 Kg7 37. Rd3 Rf7 38. Kg3 Kg6 39. Kf3 Kg7 40. Kg4
Kg6 41. Rd8 h5+ 42. Kg3 Rf8 43. Rd7 Rf7 44. Rxf7 Kxf7 45. Kh4 Kg6 46. g4 hxg4
47. Kxg4 Bd2 48. h4 Bc1 49. b3 Bd2 50. h5+ Kh6 51. Be3+ 1-0

[Event "Cto Aragón Equipos Pref Gr II"]
[Site "Aragon"]
[Date "2015.02.07"]
[Round "3.53"]
[White "Garcia Gracia, Victor Hugo"]
[Black "Malo Guillen, Jose Luis"]
[Result "1-0"]
[WhiteElo "2003"]
[BlackElo "2167"]
[PlyCount "57"]
[EventDate "2015.01.24"]
[WhiteTeam "Santa Isabel"]
[BlackTeam "Las Fuentes"]

1. e4 g6 2. d4 Bg7 3. Nc3 d6 4. f4 Nf6 5. Nf3 c5 6. dxc5 Qa5 7. Bd2 Qxc5 8. Bd3
O-O 9. Qe2 Nc6 10. h3 Nd4 11. Nxd4 Qxd4 12. g4 h6 13. O-O-O e6 14. h4 h5 15.
gxh5 Nxh5 16. Rdg1 Qf6 17. Qf3 Bd7 18. Rh2 b5 19. Rhg2 Rac8 20. e5 dxe5 21. Ne4
Qxh4 22. fxe5 f5 23. exf6 Nxf6 24. Rxg6 Nd5 25. Qg2 Qe7 26. Bg5 Qb4 27. Bf6
Rxf6 28. Nxf6+ Nxf6 29. Rxf6 1-0

[Event "Cto Aragón Equipos Pref Gr II"]
[Site "Aragon"]
[Date "2015.02.07"]
[Round "3.54"]
[White "Alonso Blasco, Jose Miguel"]
[Black "Peris Laorden, Gerardo"]
[Result "1-0"]
[WhiteElo "2078"]
[BlackElo "1784"]
[PlyCount "49"]
[EventDate "2015.01.24"]
[WhiteTeam "Las Fuentes"]
[BlackTeam "Santa Isabel"]

1. e4 d6 2. d4 Nf6 3. Nc3 g6 4. Nf3 Bg7 5. Be2 O-O 6. O-O Bg4 7. Be3 Nbd7 8.
Qd2 c5 9. Rad1 cxd4 10. Nxd4 Bxe2 11. Ndxe2 Ne5 12. b3 a6 13. f3 Qc7 14. Nf4
Rac8 15. Ncd5 Nxd5 16. Nxd5 Qd8 17. Bb6 Qd7 18. c4 Rc6 19. Qf2 f5 20. exf5 Rxf5
21. Qe3 e6 22. Nb4 Bh6 23. Qxh6 Rxb6 24. Nc2 Qf7 25. Qe3 1-0

[Event "Cto Aragón Equipos Pref Gr II"]
[Site "Aragon"]
[Date "2015.02.07"]
[Round "3.55"]
[White "Aspas Aspas, Mariano"]
[Black "Mombiela De Sus, Jose Luis"]
[Result "0-1"]
[WhiteElo "1739"]
[BlackElo "1999"]
[PlyCount "56"]
[EventDate "2015.01.24"]
[WhiteTeam "Santa Isabel"]
[BlackTeam "Las Fuentes"]

1. e4 d5 2. exd5 Nf6 3. d4 Nxd5 4. c4 Nb6 5. Nf3 Bg4 6. Be2 e6 7. O-O Be7 8.
Qb3 Nc6 9. c5 Bxf3 10. Bxf3 Nxd4 11. Qd3 Na4 12. Bxb7 Nxc5 13. Qe3 Nxb7 14. Rd1
Bg5 15. Qe4 Nc5 16. Qg4 h5 17. Qxd4 Bxc1 18. Qxd8+ Rxd8 19. Rxc1 Rd7 20. Nc3
Nd3 21. Rc2 Nb4 22. Re2 Ke7 23. a3 Nd3 24. b4 Rb8 25. Rd1 c5 26. bxc5 Nxc5 27.
Nd5+ Rxd5 28. Rxd5 Rb1+ 0-1

[Event "Cto Aragón Equipos Pref Gr II"]
[Site "Aragon"]
[Date "2015.02.07"]
[Round "3.56"]
[White "Javierre Conesa, Alfonso"]
[Black "Celma Pueyo, Ramon"]
[Result "1/2-1/2"]
[WhiteElo "1955"]
[BlackElo "1621"]
[PlyCount "78"]
[EventDate "2015.01.24"]
[WhiteTeam "Las Fuentes"]
[BlackTeam "Santa Isabel"]

1. d4 d5 2. c4 e6 3. Nc3 Nf6 4. Bg5 c6 5. e3 Be7 6. Nf3 Nbd7 7. Qc2 Bb4 8. Bd3
Qc7 9. O-O h6 10. Bf4 Bd6 11. Bxd6 Qxd6 12. e4 dxe4 13. Nxe4 Nxe4 14. Bxe4 Nf6
15. Bd3 Bd7 16. Rad1 O-O 17. Qb3 Qc7 18. Bb1 c5 19. Qc2 Rfd8 20. d5 exd5 21.
cxd5 Qd6 22. Rfe1 Re8 23. Rxe8+ Rxe8 24. h3 g6 25. Qd2 Kg7 26. b3 Ne4 27. Bxe4
Rxe4 28. a4 b6 29. Qd3 Bf5 30. Qa6 Re7 31. Qb5 Be4 32. Qc4 Bxf3 33. gxf3 g5 34.
Kg2 Re8 35. Qd3 f6 36. Qa6 Re7 37. Qc8 Rd7 38. Qc6 Rd8 39. Qb7+ Rd7 1/2-1/2

[Event "Cto Aragón Equipos Pref Gr II"]
[Site "Aragon"]
[Date "2015.02.07"]
[Round "3.57"]
[White "Turon Perez, David"]
[Black "Martinez Asensio, Juan Miguel"]
[Result "0-1"]
[WhiteElo "1932"]
[BlackElo "2069"]
[PlyCount "54"]
[EventDate "2015.01.24"]
[WhiteTeam "Tauste B"]
[BlackTeam "Agrupacion B"]

1. d4 Nf6 2. Nf3 g6 3. c4 c5 4. Nc3 cxd4 5. Nxd4 Nc6 6. Nxc6 bxc6 7. g3 Bg7 8.
Bg2 O-O 9. O-O Rb8 10. Qc2 c5 11. Bf4 d6 12. Rad1 Bf5 13. e4 Be6 14. b3 Ng4 15.
h3 Ne5 16. Be3 Nc6 17. Bxc5 Qa5 18. b4 Nxb4 19. Bxb4 Qxb4 20. Nd5 Bxd5 21. cxd5
Rfc8 22. Qd3 Qb2 23. Rd2 Qc3 24. Qe2 Rb2 25. Rfd1 Rcb8 26. Bf1 a5 27. Qc4 Rxd2
0-1

[Event "Cto Aragón Equipos Pref Gr II"]
[Site "Aragon"]
[Date "2015.02.07"]
[Round "3.58"]
[White "Lopez Guaita, Fernando"]
[Black "Muro Turon, Raul"]
[Result "1/2-1/2"]
[WhiteElo "1967"]
[BlackElo "1893"]
[PlyCount "83"]
[EventDate "2015.01.24"]
[WhiteTeam "Agrupacion B"]
[BlackTeam "Tauste B"]

1. d4 Nf6 2. Nf3 e6 3. Bg5 d5 4. e3 Nbd7 5. Bd3 Be7 6. O-O O-O 7. Nbd2 c5 8. c3
b6 9. Ne5 Bb7 10. Qf3 h6 11. Bf4 Re8 12. Qg3 Nh5 13. Qf3 Nxe5 14. Bxe5 Nf6 15.
Rad1 cxd4 16. exd4 Qd7 17. Qe2 Nh7 18. Nf3 f6 19. Bg3 Bd6 20. Rfe1 Nf8 21. Bb5
Bc6 22. Bxc6 Qxc6 23. Bxd6 Qxd6 24. Qd3 Qf4 25. Qe3 Qxe3 26. Rxe3 Kf7 27. Ne1
g5 28. Nd3 a5 29. f4 Ng6 30. Rf1 Kg7 31. g3 a4 32. a3 Rac8 33. Ref3 Rf8 34. f5
exf5 35. Rxf5 Ne7 36. R5f2 f5 37. Re2 Rc7 38. Rfe1 Ng6 39. Ne5 Rf6 40. Nxg6
Kxg6 41. Re7 Rf7 42. R1e6+ 1/2-1/2

[Event "Cto Aragón Equipos Pref Gr II"]
[Site "Aragon"]
[Date "2015.02.07"]
[Round "3.59"]
[White "San Lazaro Lorente, David"]
[Black "Serrat Claver, David"]
[Result "1-0"]
[WhiteElo "1751"]
[BlackElo "1844"]
[PlyCount "69"]
[EventDate "2015.01.24"]
[WhiteTeam "Tauste B"]
[BlackTeam "Agrupacion B"]

1. d4 f5 2. Nf3 Nf6 3. g3 e6 4. Bg2 d5 5. O-O c6 6. Nbd2 Bd6 7. e3 O-O 8. b3
Nbd7 9. Bb2 Ne4 10. c4 Ndf6 11. Ne5 Qc7 12. Ndf3 b6 13. Qc2 Bb7 14. cxd5 exd5
15. Bh3 g6 16. Rfc1 Rac8 17. a4 a5 18. Ba3 c5 19. Nd3 Qe7 20. Qd1 Ba6 21. Nfe1
Rc7 22. dxc5 bxc5 23. Nf4 Qf7 24. Bg2 Be5 25. Ra2 Nc3 26. Rxc3 Bxc3 27. Nxd5
Rd8 28. Nxf6+ Bxf6 29. Rd2 Rcd7 30. Rxd7 Qxd7 31. Qc2 Qd1 32. h4 Qxe1+ 33. Kh2
Rd2 34. Qxc5 Qxf2 35. Qf8# 1-0

[Event "Cto Aragón Equipos Pref Gr II"]
[Site "Aragon"]
[Date "2015.02.07"]
[Round "3.61"]
[White "Planas Torrea, Francisco Javie"]
[Black "Galvez Perez, Jose Luis"]
[Result "1-0"]
[WhiteElo "2032"]
[BlackElo "1947"]
[PlyCount "121"]
[EventDate "2015.01.24"]
[WhiteTeam "Ejea"]
[BlackTeam "Caissa B"]

1. e4 g6 2. d4 Bg7 3. g3 d6 4. Bg2 Nf6 5. Ne2 O-O 6. O-O e5 7. c3 Re8 8. f3 Nc6
9. Be3 d5 10. Bg5 h6 11. Bxf6 Bxf6 12. dxe5 Nxe5 13. Nd2 c6 14. Qb3 b6 15. Rfd1
Ba6 16. Nf4 Bg5 17. exd5 Bxf4 18. gxf4 Nd3 19. Qa4 Bb5 20. Qb3 Qh4 21. Ne4 Rxe4
22. fxe4 Qf2+ 23. Kh1 Nxf4 24. Rg1 Bd3 25. Qb4 c5 26. Qa4 b5 27. Qd1 g5 28. Qf3
Qxb2 29. Rae1 Re8 30. Bf1 Bxf1 31. Rexf1 Kf8 32. Rf2 Qa3 33. h4 f6 34. Rh2 b4
35. hxg5 fxg5 36. Rxh6 Qxc3 37. Qg4 Qe5 38. Qf5+ Qxf5 39. exf5 Kg7 40. Rh2 Kf6
41. Rd1 c4 42. d6 Nd3 43. Rc2 Rd8 44. Kg1 a5 45. d7 a4 46. Rxc4 Rxd7 47. Rxb4
Nxb4 48. Rxd7 Nxa2 49. Rd5 Nc3 50. Ra5 g4 51. Kg2 Ne4 52. Kf1 g3 53. Kg2 a3 54.
Kf3 a2 55. Rxa2 Ng5+ 56. Kg4 Nf7 57. Ra6+ Ke5 58. Re6+ Kd4 59. Kxg3 Ng5 60. Re1
Ne4+ 61. Rxe4+ 1-0

[Event "Cto Aragón Equipos Pref Gr II"]
[Site "Aragon"]
[Date "2015.02.07"]
[Round "3.62"]
[White "Vasilev, Vas"]
[Black "Planas Torrea, Alberto"]
[Result "0-1"]
[WhiteElo "1943"]
[BlackElo "1928"]
[PlyCount "70"]
[EventDate "2015.01.24"]
[WhiteTeam "Caissa B"]
[BlackTeam "Ejea"]

1. d4 d5 2. Nf3 c6 3. Bg5 Bg4 4. e3 Nd7 5. c4 Qa5+ 6. Nc3 dxc4 7. Bf4 b5 8. Be2
e6 9. O-O Ngf6 10. Ne5 Nxe5 11. Bxe5 Bxe2 12. Qxe2 Be7 13. a4 Qb6 14. Rfb1 O-O
15. Bxf6 Bxf6 16. Ne4 Be7 17. b3 f5 18. Nc3 Qa5 19. b4 Qb6 20. axb5 cxb5 21.
Ra5 a6 22. Ra2 Qc6 23. f4 Rfb8 24. Rab2 a5 25. bxa5 Rxa5 26. Qd2 b4 27. d5 exd5
28. Na2 Rxa2 29. Rxa2 c3 30. Qc2 Qc4 31. Qb3 Bc5 32. Qxc4 Bxe3+ 33. Kf1 dxc4
34. Rc2 Bd4 35. Ke2 b3 0-1

[Event "Cto Aragón Equipos Pref Gr II"]
[Site "Aragon"]
[Date "2015.02.07"]
[Round "3.63"]
[White "Marcellan Peire, Jesus Eduardo"]
[Black "Garcia Lopez, Antonio"]
[Result "1-0"]
[WhiteElo "1912"]
[BlackElo "1792"]
[PlyCount "95"]
[EventDate "2015.01.24"]
[WhiteTeam "Ejea"]
[BlackTeam "Caissa B"]

1. d4 Nf6 2. c4 g6 3. Nc3 d6 4. e4 Bg7 5. f3 Nbd7 6. Be3 e5 7. d5 h6 8. Qd2 g5
9. Nge2 Nf8 10. Ng3 Ng6 11. Nf5 Bxf5 12. exf5 Nh4 13. Bd3 Qd7 14. O-O-O Nxf5
15. Bxg5 hxg5 16. Kb1 Bh6 17. Qf2 Nd4 18. Rhe1 O-O-O 19. c5 Rde8 20. c6 bxc6
21. Ba6+ Kd8 22. dxc6 Qxc6 23. Qf1 Nd7 24. Ne4 f5 25. Rc1 Qb6 26. Nc3 Nc5 27.
Bc4 c6 28. Rcd1 Rh7 29. g4 Rb7 30. Rd2 Rf8 31. Qh3 Rf6 32. gxf5 Qb4 33. Bb3
Ncxb3 34. axb3 Qxb3 35. Re3 g4 36. fxg4 Bxe3 37. Qxe3 Qc4 38. Qh3 Rff7 39. Qh4+
Kc7 40. Qh6 Qf1+ 41. Rd1 Qf2 42. Rd2 Qe1+ 43. Ka2 Rb6 44. Rd1 Ra6+ 45. Kb1 Qe2
46. Nxe2 Nxe2 47. Qxd6+ Kb7 48. Qxe5 1-0

[Event "Cto Aragón Equipos Pref Gr II"]
[Site "Aragon"]
[Date "2015.02.07"]
[Round "3.64"]
[White "Calvo Gutierrez, Rafael"]
[Black "Merin Flores, Miguel Angel"]
[Result "0-1"]
[WhiteElo "1691"]
[BlackElo "1712"]
[PlyCount "104"]
[EventDate "2015.01.24"]
[WhiteTeam "Caissa B"]
[BlackTeam "Ejea"]

1. d4 d5 2. c4 e6 3. Nc3 Nf6 4. cxd5 exd5 5. Bg5 c6 6. e3 Be7 7. Be2 O-O 8. Nf3
Be6 9. Ne5 Nbd7 10. f4 Re8 11. O-O Bf5 12. g4 Be4 13. Nxe4 Nxe4 14. Bxe7 Qxe7
15. Bd3 Nd6 16. Rf3 Nf8 17. g5 Ne4 18. Bxe4 dxe4 19. Rg3 Qe6 20. Qg4 Qxg4 21.
Rxg4 Rad8 22. f5 c5 23. Rxe4 Nd7 24. Rc1 f6 25. gxf6 Nxf6 26. Rh4 Rd5 27. Kf2
Red8 28. Kf3 Re8 29. Rf4 Kf8 30. Ng4 Nh5 31. Rxc5 Rxc5 32. dxc5 Nxf4 33. Kxf4
Rd8 34. Ne5 Rd2 35. b4 Rxa2 36. h4 Rb2 37. Nd3 Rd2 38. Ke4 Rh2 39. b5 Rxh4+ 40.
Kd5 Ke7 41. c6 bxc6+ 42. bxc6 Rh2 43. Ne5 Rd2+ 44. Kc5 h5 45. e4 Kd8 46. Ng6
Kc7 47. e5 Rc2+ 48. Kb5 a6+ 49. Ka5 Rxc6 50. e6 Kd8 51. Kb4 Ke8 52. Ne5 Rb6+
0-1

[Event "Cto Aragón Equipos Pref Gr II"]
[Site "Aragon"]
[Date "2015.02.07"]
[Round "3.65"]
[White "Valles Mata, David"]
[Black "Sancho Cortes, Miguel Angel"]
[Result "1/2-1/2"]
[WhiteElo "2196"]
[BlackElo "2047"]
[PlyCount "136"]
[EventDate "2015.01.24"]
[WhiteTeam "La Aurora Estadilla"]
[BlackTeam "Marcos Frechin"]

1. e4 e5 2. Bc4 Nc6 3. Nc3 Nf6 4. d3 Bb4 5. Nge2 d5 6. exd5 Nxd5 7. O-O Be6 8.
Ne4 Be7 9. c3 O-O 10. b4 Qd7 11. Qc2 Rad8 12. Bg5 f6 13. Be3 Nxe3 14. Bxe6+
Qxe6 15. fxe3 f5 16. N4g3 Bg5 17. Rf3 e4 18. dxe4 Ne5 19. Rxf5 Bxe3+ 20. Kh1
Ng4 21. h3 Rxf5 22. exf5 Nf2+ 23. Kh2 Qe5 24. Qb3+ Kh8 25. Qe6 Re8 26. Qxe5
Rxe5 27. Rf1 Kg8 28. Nd4 c5 29. Nc2 Ne4 30. Nxe3 Nxg3 31. Kxg3 Rxe3+ 32. Rf3
Re4 33. a3 Kf7 34. Rd3 Kf6 35. Kf3 Rc4 36. g4 h5 37. gxh5 Kxf5 38. Rd5+ Kf6 39.
Rxc5 Rh4 40. Kg3 Re4 41. Rc7 b5 42. Rc5 a6 43. Rc6+ Kf5 44. Rc5+ Kf6 45. Kf3
Rh4 46. Rc6+ Kf5 47. Kg3 Re4 48. Rxa6 Re3+ 49. Kg2 Rxc3 50. Ra5 Kf4 51. h4 Rc2+
52. Kf1 Ra2 53. Rxb5 Rxa3 54. Rg5 Rb3 55. b5 Rb2 56. Ke1 Ke3 57. Kd1 Kd3 58.
Kc1 Rb4 59. Rxg7 Rxb5 60. Rg5 Rb4 61. Rg3+ Ke2 62. Rh3 Rc4+ 63. Kb2 Rc5 64. h6
Rh5 65. Kc3 Kf2 66. Kd4 Kg2 67. Re3 Rxh6 68. h5 Rxh5 1/2-1/2